000 00785nam a2200229 a 4500
001 000006601
003 DO-SdBNP
005 20240313133356.0
008 090901s2000 dr 000 0 spa d
040 _aDO-SdBNP
_bspa
_cBNPHU
082 4 _a972.9362
_bP438e
_222
100 1 _aPèrez Mèndez, Artagnan,
_d1929-2017
_977104
245 1 0 _aEse Moca desconocido /
_cArtagnan Pérez Méndez.
260 _aSanto Domingo :
_bAmigo del Hogar,
_c2000.
300 _a67 p. ;
_c22 cm.
500 _aIncluye datos biográficos del autor en la contracubierta
504 _aBibliografía : p. 67-68
650 4 _aCiudades y pueblos
_zRepública Dominicana
_9784
651 4 _aRepública Dominicana, Moca
_xHistoria local
_97056
910 _aValidado. Control de calidad MFF
942 _2ddc
_cLBS1
999 _c6392
_d6392